|
|
|
|
| LEADER |
00000cam a2200000 a 4500 |
| 001 |
vtls008384937 |
| 003 |
SK-MaSNL |
| 005 |
20260302074703.0 |
| 008 |
250313s1938 xo 000 d slo |
| 015 |
|
|
|a SNBA19191938-007123
|
| 035 |
|
|
|a SK01SNKBSKHR20010077154
|
| 035 |
|
|
|a urn:nbn:sk:snk-am3hpjl
|
| 035 |
|
|
|a 2FA9D877-A147-4780-A3BF-BB011C6736B0
|
| 035 |
|
|
|a urn:nbn:sk:snk-am00cu35
|
| 035 |
|
|
|a SKM000079617
|
| 040 |
|
|
|a SNK
|b slo
|c SNK
|e AACR2
|
| 041 |
0 |
|
|a slo
|
| 044 |
|
|
|a xo
|c SK
|
| 080 |
|
|
|a 885.4-2
|2 1981
|
| 080 |
|
|
|a 244
|2 1981
|
| 100 |
1 |
|
|a Mattoška, Libor Jozef,
|d 1891-1958
|4 aut
|9 172897
|
| 245 |
1 |
0 |
|a Cesta radosti
|b vianočná divadelná hra v 4 dejstvách so spevmi
|c Libor Mattoška
|
| 260 |
|
|
|a Kremnica
|b Serafínsky svet
|c 1938
|e Zvolen
|f Slov. kníhtlač.
|
| 300 |
|
|
|a 90, [6] s.
|c 8°
|
| 500 |
|
|
|a Notované piesne
|
| 655 |
|
7 |
|a umelecká literatúra
|2 SNKPH
|9 60405
|
| 655 |
|
7 |
|a hudobniny
|2 SNKPH
|9 293743
|
| 655 |
|
7 |
|a náboženské drámy
|2 SNKPH
|9 347232
|
| 655 |
|
7 |
|a slovenské drámy
|2 SNKPH
|9 70606
|
| 852 |
|
|
|a Slovenská národná knižnica
|
| 954 |
|
|
|a duchovná literatúra pôvodná (slovenská)
|2 lita
|
| 958 |
|
|
|a OND
|
| 958 |
|
|
|a RK
|
| 958 |
|
|
|a TL
|
| 958 |
|
|
|a NT
|
| 999 |
|
|
|c 1166063
|d 1167993
|
| 952 |
|
|
|a SNK
|b SNK
|y PREZ
|7 0
|p 17A0662755
|o snkSE 5686
|i snkD 2106/73
|8 1
|0 0
|1 0
|4 0
|d 2010-07-27
|f 1
|l 0
|r 2026-02-24 20:48:49
|w 2026-02-24
|